| 000 | 00542nam a2200205Ia 4500 | ||
|---|---|---|---|
| 005 | 20230328094012.0 | ||
| 008 | 131103s9999 xx 000 0 und d | ||
| 020 | _cRs.5 | ||
| 040 | _aLoreto College | ||
| 041 | _aEnglish | ||
| 082 |
_a891.443 _bMUK |
||
| 100 | _aMukhopadhaya, B B | ||
| 245 |
_aSrestha galpa _cB B Mukhopadhaya ; Edited by Jagadish Bhattacharya |
||
| 260 |
_aCalcutta _bBengal Pub. |
||
| 300 | _a279p. | ||
| 650 | _aBengali Short Stories | ||
| 700 | _aBhattacharya, Jagadish ed. | ||
| 850 | _aLCLIB | ||
| 942 | _cBK | ||
| 999 |
_c21886 _d72365 |
||